Handbook of research on educational communications and technology
Αποθηκεύτηκε σε:
| Συγγραφή απο Οργανισμό/Αρχή: | |
|---|---|
| Άλλοι συγγραφείς: | |
| Μορφή: | Βιβλίο |
| Γλώσσα: | English |
| Δημοσίευση: |
Mahwah, N.J. :
Lawrence Erlbaum Associates,
2004
|
| Έκδοση: | 2nd ed. |
| Θέματα: | |
| Ετικέτες: |
Προσθήκη ετικέτας
Δεν υπάρχουν, Καταχωρήστε ετικέτα πρώτοι!
|
MARC
| LEADER | 00000nam a2200000 i 4500 | ||
|---|---|---|---|
| 001 | 1/59693 | ||
| 008 | 071019s2004 eng d | ||
| 020 | |a 0-8058-4145-8 (hbk.) | ||
| 035 | |l 10091701 | ||
| 040 | |a GR-MY-UA |b gre |e aacr | ||
| 041 | 0 | |a eng | |
| 082 | 0 | |a 371.33072 |2 (22) | |
| 245 | 1 | 0 | |a Handbook of research on educational communications and technology / |c edited by David H. Johassen |
| 246 | 3 | 3 | |a Handbook of research for educational communications and technology |
| 250 | |a 2nd ed. | ||
| 260 | |a Mahwah, N.J. : |b Lawrence Erlbaum Associates, |c 2004 | ||
| 300 | |a xiv, 1210 σ.; |b εικ., πίν., σχ.; |c 29 εκ. | ||
| 500 | |a "A project of the Association for Educational Communications and Technology" | ||
| 500 | |a Rev. ed. of: Handbook of research for educational communications and technology, c2001 | ||
| 504 | |a Περιλαμβάνει βιβλιογραφικές αναφορές και ευρετήριο | ||
| 650 | 0 | 0 | |a Educational technology |x Research |x Handbooks, manuals, etc. |
| 650 | 0 | 0 | |a Communication in education |x Research |x Handbooks, manuals, etc. |
| 650 | 0 | 0 | |a Telecommunication in education |x Research |x Handbooks, manuals, etc. |
| 650 | 0 | 0 | |a Instructional systems |x Design |x Research |x Handbooks, manuals, etc. |
| 700 | 1 | |a Jonassen, David H. |d 1947- |4 edt | |
| 710 | 2 | |a Association for Educational Communications and Technology. | |
| 852 | |a INST |b LESVOS |e 20071019 |h 371.33072 HAN |p 005100038945 |q 005100038945 |t BK |y 0 | ||
| 901 | |a BIBL1-2007-3 | ||
| 909 | |a Λ |b 139940 | ||
| 922 | |a 1ΕΛΗ |b 200710 |c ΕΠΕΑΕΚ2/ΠΤΕ |d ΠΑΠΑΣΩΤΗΡΙΟΥ | ||
| 970 | |a ΒΑΡΚΑ |b ΕΛΕΥΘΕΡΙΑ |z 2007/10/19 | ||